ბათუმის შოთა რუსთაველის სახელმწიფო უნივერსიტეტის ბიბლიოთეკა

ჩვენ ვიცავდით სევასტოპოლს (ბიბ.ჩანაწერი № 50249)

000 -LEADER
fixed length control field 00876nam a2200217Ia 4500
001 - CONTROL NUMBER
control field 17187
003 - CONTROL NUMBER IDENTIFIER
control field GE_BSU
008 - FIXED-LENGTH DATA ELEMENTS--GENERAL INFORMATION
fixed length control field 181216s||||||||xx |||||||||||||| ||und||
040 ## - CATALOGING SOURCE
Transcribing agency GE_BSU
080 ## - UNIVERSAL DECIMAL CLASSIFICATION NUMBER
Universal Decimal Classification number 355.48(47+57)+ 355.49(47+57)"1941-1945
100 ## - MAIN ENTRY--PERSONAL NAME
Personal name ჟიდილოვი, ევ.
245 ## - TITLE STATEMENT
Title ჩვენ ვიცავდით სევასტოპოლს
245 ## - TITLE STATEMENT
Statement of responsibility, etc. მთარგმ. მ. ლებანიძე. რედ. ნ. ლორთქიფანიძე
260 ## - PUBLICATION, DISTRIBUTION, ETC.
Place of publication, distribution, etc. თბილისი
260 ## - PUBLICATION, DISTRIBUTION, ETC.
Name of publisher, distributor, etc. ნაკადული
260 ## - PUBLICATION, DISTRIBUTION, ETC.
Date of publication, distribution, etc. 1964
300 ## - PHYSICAL DESCRIPTION
Extent 331გვ. ; 20სმ
653 ## - INDEX TERM--UNCONTROLLED
Uncontrolled term სსრ კავშირის დიდი სამამულო ომი; სევასტოპოლის დაცვ
653 ## - INDEX TERM--UNCONTROLLED
Uncontrolled term ჩვენ ვიცავდით სევასტოპოლს
942 ## - ADDED ENTRY ELEMENTS (KOHA)
Koha item type წიგნი
ეგზემპლარები
Withdrawn status Lost status Damaged status Not for loan Date acquired Barcode Date last seen Price effective from Koha item type
        2018-12-17 21484 2018-12-17 2018-12-17 წიგნი
        2018-12-17 21483 2018-12-17 2018-12-17 წიგნი